Wine Guide/ America's 500 Best Wineries (Record no. 2107)

000 -LEADER
fixed length control field 00621nam a22002297a 4500
003 - CONTROL NUMBER IDENTIFIER
control field OSt
005 - DATE AND TIME OF LATEST TRANSACTION
control field 20210414103911.0
008 - FIXED-LENGTH DATA ELEMENTS--GENERAL INFORMATION
fixed length control field 210310s2017 ||||| |||| 00| 0 eng d
020 ## - INTERNATIONAL STANDARD BOOK NUMBER
International Standard Book Number 0848748417
020 ## - INTERNATIONAL STANDARD BOOK NUMBER
International Standard Book Number 9780848748418
040 ## - CATALOGING SOURCE
Original cataloging agency eng
Language of cataloging eng
Transcribing agency DLC
041 ## - LANGUAGE CODE
Language code of text/sound track or separate title eng
080 ## - UNIVERSAL DECIMAL CLASSIFICATION NUMBER
Universal Decimal Classification number 663.2
Item number G-63
100 ## - MAIN ENTRY--PERSONAL NAME
9 (RLIN) 1336
Personal name Gonzalez, Joseph
245 ## - TITLE STATEMENT
Title Wine Guide/ America's 500 Best Wineries
Statement of responsibility, etc. / by: Food and Wine, Time Inc
260 ## - PUBLICATION, DISTRIBUTION, ETC.
Place of publication, distribution, etc. New York
Name of publisher, distributor, etc. Food and Wine, Time Inc
Date of publication, distribution, etc. 2017
300 ## - PHYSICAL DESCRIPTION
Extent 320 p.
365 ## - TRADE PRICE
Price amount 15.95 usd
650 #0 - SUBJECT ADDED ENTRY--TOPICAL TERM
9 (RLIN) 729
Topical term or geographic name entry element Wine Making
653 ## - INDEX TERM--UNCONTROLLED
Uncontrolled term მეღვინეობა
942 ## - ADDED ENTRY ELEMENTS (KOHA)
Source of classification or shelving scheme
Koha item type Books
Holdings
Withdrawn status Lost status Source of classification or shelving scheme Damaged status Not for loan Permanent location Current location Date acquired Inventory number Total Checkouts Full call number Barcode Date last seen Price effective from Koha item type
          Ken Walker International University Ken Walker International University 03/10/2021 1834   663.2 G-63 1834 03/10/2021 03/10/2021 Books

Powered by Koha